=LDR 00000nam 2200000 4500 =001 INLIS000000000028339 =005 20130612130643 =008 ***********************************Ind** =035 ##$$0010-061300000028339 =041 ##$$a Ind =082 ##$$a 028.55 =090 ##$$a 028.55, War k =100 ##$$a Wardhana, Eka =245 ##$$a Kisah si menara masjid =260 ##$$a [s.a] $b Jakarta =300 ##$$a 50 hlm, ilus, 30 cm =650 ##$$a Bacaan anak-anak =850 ##$$a NBPNMAT